Central Library OPAC University of Rajshahi

Recursive functions / (Record no. 6611)

MARC details
000 -LEADER
fixed length control field 00856nam a2200265 a 4500
001 - CONTROL NUMBER
control field 6611
003 - CONTROL NUMBER IDENTIFIER
rucl marc code BD-RjUL
005 - DATE AND TIME OF LATEST TRANSACTION
control field 20211208234258.0
008 - FIXED-LENGTH DATA ELEMENTS--GENERAL INFORMATION
fixed length control field 110114s1957 nyu b 000 0 eng d
035 ## - SYSTEM CONTROL NUMBER
System control number CURL 020000144372(Edi) from wsc128
System control number (OCoLC)1023894
-- (BD-RjUL)6652
040 ## - CATALOGING SOURCE
Original cataloging agency DLC
Transcribing agency DLC
Modifying agency m.c/EUX
-- BD-RjUL
Language of cataloging eng
041 1# - LANGUAGE CODE
Language code of text/sound track or separate title eng
Language code of original und
082 04 - DEWEY DECIMAL CLASSIFICATION NUMBER
Classification number 512.81
Edition number 18
Author mark and year PER 1957
100 1# - MAIN ENTRY--PERSONAL NAME
Personal name Péter, Rózsa,
Dates associated with a name 1905-1977.
9 (RLIN) 20793
245 00 - TITLE STATEMENT
Title Recursive functions /
Statement of responsibility, etc. by Dr. Rózsa Péter [translated by Istvan Foldes]
260 ## - PUBLICATION, DISTRIBUTION, ETC. (IMPRINT)
Place of publication, distribution, etc. New York :
Name of publisher, distributor, etc. Academic Press ;
Place of publication, distribution, etc. Budapest :
Name of publisher, distributor, etc. Akadémiai Kiadó,
Date of publication, distribution, etc. 1957
300 ## - PHYSICAL DESCRIPTION
Pagination 278 p. ;
Size 24 cm
500 ## - GENERAL NOTE
General note Translation of Rekursive funktionen
650 #0 - SUBJECT ADDED ENTRY--TOPICAL TERM
Topical term or geographic name as entry element Recursive functions
9 (RLIN) 20794
942 ## - ADDED ENTRY ELEMENTS (KOHA)
Source of classification or shelving scheme Dewey Decimal Classification
Koha item type Books
Holdings
Lost status Source of classification or shelving scheme Damaged status Not for loan Permanent Location Current Location Shelving location Date acquired Source of acquisition Cost, normal purchase price Total Checkouts Full call number Date last seen Copy number Koha item type
  Dewey Decimal Classification   Not For Loan Central Library, University of Rajshahi Central Library, University of Rajshahi   06/12/1967 Abdullah A mahmud 16.00   512.81 PER 1957 11/01/2014 C-1 Books